| 000 | 00609nam a22001937a 4500 | ||
|---|---|---|---|
| 005 | 20251108174717.0 | ||
| 008 | 250721s2007 xx 000 0 ara d | ||
| 020 | _a9957063863 | ||
| 082 | 1 | 4 | _a371.9/بطر |
| 100 | 1 |
_aبطرس، بطرس حافظ _eمؤلف |
|
| 245 | 1 | 0 | _aإرشاد ذوي الحاجات الخاصة و أسرهم / |
| 264 | 1 |
_aعمان : _bدار المسيرة للنشر و التوزيع، _c2007. |
|
| 300 | _a327 ص. | ||
| 650 | 1 | 7 | _aالتربيه الخاصه |
| 650 | 1 | 7 | _aالتربيه |
| 650 | 1 | 7 | _aتعليم المكفوفين |
| 942 |
_2ddc _cBK |
||
| 999 |
_c116054 _d116054 |
||